000
00299nam a2200121Ia 4500
008
210430s9999 xx 000 0 und d
082
_a
620.106 M917A
100
_a
Mott,Robert L
_9
34485
245
_a
Applied Fluid Mechanics
_c
Mott,Robert L
260
_c
2011
300
_a
581p.
942
_c
BK
_2
ddc
999
_c
565891
_d
565891